书目信息 |
| 题名: |
激光物理学
|
|
| 作者: | SargentⅢ , 萨金特Ⅲ 著 ;杨顺华 , 彭放 译 | |
| 分册: | ||
| 出版信息: | 北京 科学出版社 1982 |
|
| 页数: | 514页 | |
| 开本: | 19cm | |
| 丛书名: | ||
| 单 册: | ||
| 中图分类: | TN241 | |
| 科图分类: | ||
| 主题词: | 激光基础--理论 | |
| 电子资源: | ||
| ISBN: | ||
| 000 | 00879nam0 2200301 45 | |
| 001 | 0182006597 | |
| 005 | 20060921093256.65 | |
| 010 | @dCNY2.60 | |
| 091 | @a13091.2029 | |
| 100 | @a19950523d1982 em y0chiy0121 ea | |
| 101 | 1 | @achi@ceng |
| 102 | @aCN@b110000 | |
| 105 | @ay z 000yy | |
| 200 | 10 | @a激光物理学@Aji guang wu li xue@f(美)萨金特Ⅲ(M.O.SargentⅢ)著@g杨顺华,彭放译 |
| 210 | @a北京@c科学出版社@d1982 | |
| 215 | @a514页@d19cm | |
| 300 | @a书名原文:Laser physics | |
| 304 | @a著者原译:萨晋Ⅲ | |
| 510 | 1 | @aLaser physics@zeng |
| 606 | @a激光基础@x理论 | |
| 690 | @aTN241@v3 | |
| 701 | A1 | @aSargentⅢ@bM.O.@4著 |
| 701 | 1 | @a萨金特Ⅲ@Asa jin te Ⅲ@bM.O.@4著 |
| 702 | 0 | @a杨顺华@Ayang shun hua@4译 |
| 702 | 0 | @a彭放@Apeng fang@4译 |
| 801 | 2 | @aCN@bNLC@c20060921 |
| 801 | 0 | @aCN@b上海图书馆@c20060731 |
| 905 | @f3@b161581-583@f1@b218711@dTN241@e40 | |
| 激光物理学/(美)萨金特Ⅲ(M.O.SargentⅢ)著/杨顺华,彭放译.-北京:科学出版社,1982 |
| 514页;19cm |
| 书名原文:Laser physics |
| ISBN :CNY2.60 |
| ● |
| 相关链接 |
|
|
|
|
正题名:激光物理学
索取号:TN241/40
 
预约/预借
| 序号 | 登录号 | 条形码 | 馆藏地/架位号 | 状态 | 备注 |
| 1 | 0161581 | 001350898 | 第三借阅区/ [索取号:TN241/40] | 在馆 | |
| 2 | 0161582 | 001350852 | 密集书库/ [索取号:TN241/40] | 在馆 | |
| 3 | 0161583 | 001350772 | 密集书库/ [索取号:TN241/40] | 在馆 | |
| 4 | 0161584 | 202105257 | 第二样本阅览室/ [索取号:TN241/40] | 在馆 | |
| 5 | 0218711 | 001350816 | 密集书库/ [索取号:TN241/40] | 在馆 | |
| 6 | 0422635 | 204226355 | 密集书库/ [索取号:TN241/40] | 在馆 | |
| 7 | 0438440 | 204384406 | 密集书库/ [索取号:TN241/40] | 在馆 | |
| 8 | 0438441 | 204384415 | 密集书库/ [索取号:TN241/40] | 在馆 | |
| 9 | 0439175 | 204391755 | 密集书库/ [索取号:TN241/40] | 在馆 |